| 000 | 00511nam a2200169 i 4500 | ||
|---|---|---|---|
| 001 | 29418 | ||
| 003 | ES-MaACL | ||
| 005 | 20230906154030.0 | ||
| 007 | t| | ||
| 008 | 030121s1971 sp ||||1| spa d | ||
| 100 | 1 |
_aBarjavel, René. _925667 |
|
| 245 | 1 | 4 |
_aLos caminos prohibídos de Katmandú / _cRené Barjavel ; [traducción Antonio G. Valiente]. |
| 260 |
_a[Barcelona] : _bAymá, _c[1971] |
||
| 300 |
_a279 p. ; _c21 cm. |
||
| 700 | 1 |
_aValiente, Antonio G. _9112693 |
|
| 852 |
_aES-MaACL _jC-39045 _bR.77166 |
||
| 999 |
_c29418 _d29418 |
||